00330pab a2200121 454500008004000000100002100040245007200061260000900133300001200142362000800154650002800162773001800190180718b2000 xxu||||| |||| 00| 0 eng d aMaxwell, Neville aThe Sino-Indian border: a scenario for setting this vexations issue c2000 ap.52-64 aJul aInternational relations aWorld Affairs